| 000 | 00873nas a2200289 4500 | ||
|---|---|---|---|
| 001 | BR0502661 | ||
| 003 | BR-BrBNA | ||
| 005 | 20231205105357.0 | ||
| 007 | ta | ||
| 008 | 230509b bl.|||p| |||| 00| 00por d | ||
| 040 |
_aBR-BrBNA _bpor _cBiblioteca Nacional de Agricultura |
||
| 041 | _a(Pt) | ||
| 072 | _aF60 | ||
| 100 | 1 | _aSilva, A.F. da | |
| 100 | 1 | _aSilva, F.P. da | |
| 100 | 1 | _aPitombeira, J.B. | |
| 100 | 1 | _aBarros, L. de M. | |
| 100 | 1 | _aBezerra, A.P.L. | |
| 245 | 1 | _aInterceptação de luz, matéria seca e área foliar de linhagens de algodoeiro herbáceo | |
| 650 | _aALGODÃO HERBÁCEO | ||
| 650 | _aMATÉRIA SECA | ||
| 650 | _aÁREA FOLIAR | ||
| 650 | _aLUZ | ||
| 773 | 0 |
_tRevista Ciência Agronômica (Brazil) _xISSN 0045-6888 _g(Jan-Apr 2005), v. 36(1) p. 67-73 _wBR0502661 |
|
| 909 |
_a202311 _bLúcia _c55 _dLúcia Elande |
||
| 942 |
_2AGRIS _n0 _cANA |
||
| 999 |
_c182635 _d182635 |
||